Zgadnij kraj po producencie gier. - Statystyki

Ogólne statystyki
  • Ten quiz został rozwiązany 72 razy
  • Średni wynik to 11 z 15
Statystyki odpowiedzi
Studio Kraj % Poprawnych
2K Stany Zjednoczone
100%
TechLand Polska
96%
Ubisoft Francja
94%
CryTek Niemcy
91%
CapCom Japonia
83%
Team 17 Wielka Brytania
81%
Pyro Studios Hiszpania
80%
BioWare Kanada
80%
1C Entertainment Rosja
80%
Dice Szwecja
78%
Pubg Corporation Korea Południowa
70%
Bochemia Interactive Czechy
68%
4A Games Ukraina
51%
WarGamming Białoruś
48%
Ninja Kiwi Nowa Zelandia
38%
Nie znaleziono quizów pasujących do podanych kryteriów
Rozkład punktacji
Procent ludzi z każdym wynikiem
Percentyl według liczby udzielonych odpowiedzi
Twoja historia wyników
Nie rozwiązałeś tego quizu